Tìm hiểu tình hình chuyển dịch cơ cấu kinh tế quận Cẩm Lệ - thành phố Đà Nẵng giai đoạn 2005 - 2008. Định hướng chuyển dịch đến năm 2020
Cơ sở lý luận chung. Tình hình chuyển dịch cơ cấu kinh tế của quận Cẩm Lệ - thành phố Đà Nẵng giai đoạn 2005 - 2008. Định hướng chuyển dịch cơ cấu kinh tế của quận Cẩm Lệ đến năm 2020. Một số giải pháp chủ yếu
Đã lưu trong:
| 主要作者: | |
|---|---|
| 其他作者: | |
| 格式: | 圖書 |
| 語言: | Vietnamese |
| 出版: |
Đại học Đà Nẵng
Trường đại học Sư Phạm
2010
|
| 叢編: | Khóa luận tốt nghiệp đại học. Chuyên ngành: Cử Nhân Địa lý
|
| 主題: | |
| 標簽: |
添加標簽
沒有標簽, 成為第一個標記此記錄!
|
| Thư viện lưu trữ: | Mạng thư viện Đại học Đà Nẵng |
|---|
| LEADER | 01771nam a2200349 4500 | ||
|---|---|---|---|
| 001 | 000011176 | ||
| 003 | 7409 | ||
| 005 | 20120202110205.0 | ||
| 008 | 120202s2010 viesd | ||
| 041 | |a vie | ||
| 072 | |a Khóa luận tốt nghiệp | ||
| 082 | |a 338.18 |b NG-H | ||
| 100 | |a Nguyễn, Thị Minh Hiếu | ||
| 245 | |a Tìm hiểu tình hình chuyển dịch cơ cấu kinh tế quận Cẩm Lệ - thành phố Đà Nẵng giai đoạn 2005 - 2008. Định hướng chuyển dịch đến năm 2020 |c Nguyễn, Thị Minh Hiếu | ||
| 260 | |a Đại học Đà Nẵng |b Trường đại học Sư Phạm |c 2010 | ||
| 300 | |a 69 tr. |b Bản đồ + ảnh mhọa |c 29 cm | ||
| 490 | |a Khóa luận tốt nghiệp đại học. Chuyên ngành: Cử Nhân Địa lý | ||
| 500 | |a Tham khảo + phụ lục ảnh mhọa, bảng [10 tr.] | ||
| 520 | |a Cơ sở lý luận chung. Tình hình chuyển dịch cơ cấu kinh tế của quận Cẩm Lệ - thành phố Đà Nẵng giai đoạn 2005 - 2008. Định hướng chuyển dịch cơ cấu kinh tế của quận Cẩm Lệ đến năm 2020. Một số giải pháp chủ yếu | ||
| 653 | |a Khóa luận tốt nghiệp đại học | ||
| 653 | |a Khoa Địa lí | ||
| 700 | |a Hoàng, Thị Diệu Huyền |c Th.S |e Hướng dẫn | ||
| OWN | |a LSP | ||
| AVA | |a UDN50 |b LSP |d 338.18 NG-H |e available |t Error 5001 Not defined in file expand_doc_bib_avail. |f 1 |g 0 |h N |i 0 |k 1 | ||
| 999 | |a From the UDN01 | ||
| AVA | |a UDN50 |b LSP |d 338.18 NG-H |e available |t Error 5001 Not defined in file expand_doc_bib_avail. |f 1 |g 0 |h N |i 0 |k 1 | ||
| TYP | |a Monograph | ||
| TYP | |a Printed language | ||
| 980 | |a Mạng thư viện Đại học Đà Nẵng | ||